000 00766nam a2200205Ia 4500
003 GCL
008 140319s9999 xx 000 0 ara d
040 _aGCL /
_cGCL
082 0 4 _a252.4
_bع ز
100 1 _aعبدالعزيز عزت الخياط
245 1 0 _aالزكاة :
_bتطبيقاتها واستثمارها - الزكاة والضمان الاجتماعى /
_cعبدالعزيز عزت الخياط
260 _aالاردن :
_bالدار المتقدمة للنشر والتوزيع ،
_c2005
300 _a220 ص ؛
_c24 سم
650 0 4 _aالاسلام والاقتصاد
650 0 4 _aزكاة المال
650 0 4 _aالزكاة - مصارف
650 0 4 _aزكاة الحيوان
650 0 4 _aزكاة النبات
942 _2ddc
_cBK
999 _c10103
_d10103